000 00504nam a2200181Ia 4500
003 IN-BaIIA
008 211028s9999 xx 000 0 eng d
020 _a978-0-486-26620-6
040 _cIIA Library
080 _a52(091)
_bHEA
100 _aHeath, Thomas L
_935055
245 0 _aGreek astronomy
_cThomas L. Heath
260 _aNew York
_bDover Publications
_c1991
300 _alvii, 192p.
650 _aAstronomy-Greek
_935056
650 _aAstronomy-Greek-Early works to 1800
_935057
942 _cBK
999 _c18312
_d18312